ბათუმის შოთა რუსთაველის სახელმწიფო უნივერსიტეტის ბიბლიოთეკა

საინჟინრო ნაგებობები : (ბიბ.ჩანაწერი № 50354)

000 -ლიდერი
ფიქსირებული სიგრძის საკონტროლო ველი 01168nam a2200265Ia 4500
001 - საკონტროლო ნომერი
საკონტროლო ველი 17295
003 - საკონტროლო ნომრის იდენტიფიკატორი
საკონტროლო ველი GE_BSU
005 - ბოლო ოპერაციის თარიღი და დრო
საკონტროლო ველი 20200212140821.0
008 - ფიქსირებული სიგრძის მონაცემთა ელემენტები - ზოგადი ინფორმაცია
ფიქსირებული სიგრძის საკონტროლო ველი 181216s2011 xx |||||||||||||| ||geo||
040 ## - კატალოგიზაციის წყარო
Transcribing agency GE_BSU
041 ## - ენის კოდი
Language code of text/sound track or separate title geo
080 ## - უნივერსალური ათობითი კლასიფიკაციის ინდექსი
Universal Decimal Classification number 624.04/325 ს-18
100 ## - მთავარი ჩანაწერი - პიროვნების სახელი
Personal name ჭოხინელიძე,გ.
9 (RLIN) 6997
245 ## - ცნობა სათაურის შესახებ
Title საინჟინრო ნაგებობები :
Remainder of title სახელმძღვანელო /
Statement of responsibility, etc გ. ჭოხინელიძე ; გ. კვაჭაძე ; გ. ლუტიძე ; ი. მშვიდობაძე.
264 ## - წარმოების, გამოცემის, დისტრიბუციის და სხვა ცნობები
გამოცემის, წარმოების, დისტრიბუციის... ადგილი თბილისი :
გამოცემის, წარმოების, დისტრიბუციის... სახელწოდება გამ-ბა "ლეთა,
გამოცემის, წარმოების, დისტრიბუციის... თარიღი 2011.
300 ## - ფიზიკური აღწერა
Extent 204 გვ .:
Other physical details ცხრ. ილ.
Dimensions 20 სმ.
500 ## - ზოგადი შენიშვნა
General note ძირით.ანბან.აღვნიშვნ.
653 ## - INDEX TERM--UNCONTROLLED
Uncontrolled term ინჟინერია
653 ## - INDEX TERM--UNCONTROLLED
Uncontrolled term საინჟინრო ნაგებობები
700 ## - ADDED ENTRY--PERSONAL NAME
Personal name კვაჭაძე, გ.
9 (RLIN) 6998
700 ## - ADDED ENTRY--PERSONAL NAME
Personal name ლუტიძე, გ.
9 (RLIN) 6999
700 ## - ADDED ENTRY--PERSONAL NAME
Personal name მშვიდობაძე, ი
9 (RLIN) 7000
700 ## - ADDED ENTRY--PERSONAL NAME
Personal name ჯაფარიძე, ვ
Relator term რედაქტორი
9 (RLIN) 7001
942 ## - ADDED ENTRY ELEMENTS (KOHA)
Koha item type წიგნი
Source of classification or shelving scheme
ეგზემპლარები
ჩამოწერის სტატუსი დაკარგული ეგზემპლარის სტატუსი კლასიფიკაციის წყარო ან თაროზე გაწყობის სქემა დაზიანების სტატუსი არ გაიცემა მუდმივი მდებარეობა (დაცვის ადგილი) ამჟამინდელი ადგილსამყოფელი თაროზე განთავსების ადგილი შეძენის თარიღი სრული შენახვის შიფრი შტრიხკოდი ბოლო ოპერაციის თარიღი ეგზემპლარის მიმდევრობითი ნომერი (კეტერი?) ფასის ძალაში შესვლის თარიღი ეგზემპლარის სახეობა
          ბათუმის შოთა რუსთაველის სახელმწიფო უნივერსიტეტის მთავარი ბიბლიოთეკა ტექნოლოგიური ფაკულტეტის ბიბლიოთეკა წიგნსაცავი 2018-12-17 624.04/325 ს-18 45444 2018-12-17 45444 2018-12-17 წიგნი